000 00823nam a2200241Ia 4500
003 OSt
005 20241026101552.0
008 210716s1997 xx 000 0 und d
020 _a0314122850
040 _cAIMIT LIBRARY
041 _aeng
082 _a519.5
_21st
_bANDD
100 _aAnderson, David R.
_920840
245 _aStatistics and management science for executive decision making SMS 520 /
_cBy David R. Anderson; Dennis, J Sweeney and Thomas A. Williams.
250 _a1
260 _aNew York :
_bWest publishing company ,
_c1997.
300 _a768p. ;
_c27.5 cm.
650 _aDeveloping null and alternative hypotheses.
_920841
650 _atests about a population mean,
_920842
700 _aSweeney, Dennis J.
_920843
700 _aWilliams, Thomas A.
_920844
942 _2ddc
_cBK
_e1st
_k519.5 ANDD
999 _c198424
_d198424